Thermodynamics and an introduction to thermostatistics (Record no. 89)
[ view plain ]
| 000 -LEADER | |
|---|---|
| fixed length control field | 00457 a2200169 4500 |
| 001 - CONTROL NUMBER | |
| control field | 002489 |
| 003 - CONTROL NUMBER IDENTIFIER | |
| control field | OSt |
| 005 - DATE AND TIME OF LATEST TRANSACTION | |
| control field | 20220128114754.0 |
| 008 - FIXED-LENGTH DATA ELEMENTS--GENERAL INFORMATION | |
| fixed length control field | |
| 082 ## - DEWEY DECIMAL CLASSIFICATION NUMBER | |
| Classification number | 536.7 |
| Item number | C13T |
| 100 1# - MAIN ENTRY--PERSONAL NAME | |
| Personal name | Callen, Herbert B. |
| 245 1# - TITLE STATEMENT | |
| Title | Thermodynamics and an introduction to thermostatistics |
| Statement of responsibility, etc | by Herbert B. Callen |
| 260 ## - PUBLICATION, DISTRIBUTION, ETC. (IMPRINT) | |
| Place of publication, distribution, etc | India |
| Name of publisher, distributor, etc | WIley |
| Date of publication, distribution, etc | 2005 |
| 300 ## - PHYSICAL DESCRIPTION | |
| Extent | 493p. |
| 653 ## - INDEX TERM--UNCONTROLLED | |
| Uncontrolled term | Thermodynamics; Statistical mechanics |
| 942 ## - ADDED ENTRY ELEMENTS (KOHA) | |
| Source of classification or shelving scheme | Dewey Decimal Classification |
| Koha item type | Books |
| Withdrawn status | Lost status | Source of classification or shelving scheme | Damaged status | Not for loan | Collection code | Home library | Current library | Date acquired | Source of acquisition | Cost, normal purchase price | Full call number | Barcode | Date last seen | Price effective from | Koha item type |
|---|---|---|---|---|---|---|---|---|---|---|---|---|---|---|---|
| Dewey Decimal Classification | General Text Book | Central University Of Rajasthan | Central University Of Rajasthan | 28/09/2010 | MTH | 419.00 | 536.7 C13T | 2481 | 21/11/2024 | 02/09/2020 | Books |
